Dictionary of acoustics / (Record no. 61056)
[ view plain ]
| 000 -LEADER | |
|---|---|
| fixed length control field | 01144cam a2200301 a 4500 |
| 001 - CONTROL NUMBER | |
| control field | 11946953 |
| 003 - CONTROL NUMBER IDENTIFIER | |
| control field | NUST-PNEC |
| 005 - DATE AND TIME OF LATEST TRANSACTION | |
| control field | 20170116180713.0 |
| 008 - FIXED-LENGTH DATA ELEMENTS--GENERAL INFORMATION | |
| fixed length control field | 000320s2001 cau bd 000 0 eng |
| 010 ## - LIBRARY OF CONGRESS CONTROL NUMBER | |
| LC control number | 00102542 |
| 020 ## - INTERNATIONAL STANDARD BOOK NUMBER | |
| International Standard Book Number | 0125069405 |
| 040 ## - CATALOGING SOURCE | |
| Original cataloging agency | DLC |
| Transcribing agency | PNEC |
| Modifying agency | DLC |
| 042 ## - AUTHENTICATION CODE | |
| Authentication code | pcc |
| 050 00 - LIBRARY OF CONGRESS CALL NUMBER | |
| Classification number | QC221.5 |
| Item number | .M67 2001 |
| 082 00 - DEWEY DECIMAL CLASSIFICATION NUMBER | |
| Classification number | 620.203 MOR |
| 100 1# - MAIN ENTRY--PERSONAL NAME | |
| Personal name | Morfey, C. L. |
| 245 10 - TITLE STATEMENT | |
| Title | Dictionary of acoustics / |
| Statement of responsibility, etc. | Christopher L. Morfey. |
| 260 ## - PUBLICATION, DISTRIBUTION, ETC. | |
| Place of publication, distribution, etc. | San Diego : |
| Name of publisher, distributor, etc. | Academic Press, |
| Date of publication, distribution, etc. | c2001. |
| 300 ## - PHYSICAL DESCRIPTION | |
| Extent | xvi, 430 p. ; |
| Dimensions | 24 cm. |
| 500 ## - GENERAL NOTE | |
| General note | http://www.amazon.com/Dictionary-Acoustics-Christopher-Morfey/dp/0125069405/ref=sr_1_1?s=books&ie=UTF8&qid=1413380156&sr=1-1&keywords=0125069405 |
| 504 ## - BIBLIOGRAPHY, ETC. NOTE | |
| Bibliography, etc. note | Includes bibliographical references (p. [427]-430). |
| 650 #0 - SUBJECT ADDED ENTRY--TOPICAL TERM | |
| Topical term or geographic name entry element | Sound |
| Form subdivision | Dictionaries. |
| General subdivision | ME |
| 650 #0 - SUBJECT ADDED ENTRY--TOPICAL TERM | |
| Topical term or geographic name entry element | Acoustical engineering |
| Form subdivision | Dictionaries. |
| 856 42 - ELECTRONIC LOCATION AND ACCESS | |
| Materials specified | Publisher description |
| Uniform Resource Identifier | <a href="http://www.loc.gov/catdir/description/els031/00102542.html">http://www.loc.gov/catdir/description/els031/00102542.html</a> |
| 906 ## - LOCAL DATA ELEMENT F, LDF (RLIN) | |
| a | 7 |
| b | cbc |
| c | orignew |
| d | 2 |
| e | epcn |
| f | 20 |
| g | y-gencatlg |
| 942 ## - ADDED ENTRY ELEMENTS (KOHA) | |
| Source of classification or shelving scheme | |
| Koha item type | Book |
| Withdrawn status | Lost status | Source of classification or shelving scheme | Damaged status | Not for loan | Permanent Location | Current Location | Shelving location | Date acquired | Source of acquisition | Cost, normal purchase price | Total Checkouts | Full call number | Barcode | Date last seen | Cost, replacement price | Price effective from | Koha item type |
|---|---|---|---|---|---|---|---|---|---|---|---|---|---|---|---|---|---|
| Pakistan Navy Engineering College (PNEC) | Pakistan Navy Engineering College (PNEC) | Reference | 09/17/2007 | Capital Book Company | 6506.00 | 620.203 MOR | PNECLIB-028460 | 10/15/2014 | 6506.00 | 09/17/2007 | Book |
